Les Titres de Claude François avec les initiales - Statistiques

Statistiques générales
  • Ce quiz a été pris 77 fois
    46 depuis la dernière actualisation
  • Le résultat moyen est 8 sur 12
Statistiques - réponses
Initiales Titres % Correct
C__ D'_____ Comme d'habitude
97%
B___, B___, B___ Belles, Belles, Belles
85%
A_____ A_____ Alexandrie Alexandra
82%
S_ J'__ U_ M___ Si j'avais un marteau
74%
L_ L__ A_ S___ Le Lundi au soleil
67%
L_ T_____ P___ Le Téléphone pleure
64%
B____ Bélinda
62%
L_ C____ M_____ Le Chanteur malheureux
56%
M_____ F_ E__ Magnolias For ever
54%
C'__ L_ M__ C____ C'est la même chanson
51%
C__ A__ L_ Cette année-là
41%
J_ V__ D__ C_ S__ Je viens dîner ce soir
31%
Aucun quiz correspondant
Distribution des résultats
% des personnes avec chaque résultat
Percentile par nombre de réponses
Votre historique - résultats
Vous n’avez pas pris ce quiz depuis la dernière actualisation